Applied Differential Equations
Saved in:
| Main Author: | |
|---|---|
| Format: | Book |
| Language: | English |
| Published: |
Englewood Cliffs :
Prentice-Hall,
1981
|
| Edition: | 3rd |
| Subjects: | |
| Tags: |
Add Tag
No Tags, Be the first to tag this record!
|
MARC
| LEADER | 00000nam a2200000 i 4500 | ||
|---|---|---|---|
| 001 | 1/51881 | ||
| 008 | 950927s1981 eng d | ||
| 020 | |a 0-13-040097-1 | ||
| 035 | |a 1995 |c ΠΑΠΑΔΟΠΟΥΛΟΣ |l 10044265 | ||
| 040 | |a GR-MY-UA |b gre |e aacr | ||
| 041 | 0 | |a eng | |
| 082 | 0 | |a 515.35 | |
| 100 | 1 | |a Spiegel, Murray R. | |
| 245 | 1 | 0 | |a Applied Differential Equations / |c Murray R. Spiegel |
| 250 | |a 3rd | ||
| 260 | |a Englewood Cliffs : |b Prentice-Hall, |c 1981 | ||
| 300 | |a 654 p.; |c 24 cm. | ||
| 500 | |a Includes bibliographical references and index | ||
| 650 | 0 | 0 | |a Differential equations. |
| 852 | |a INST |b SAMOS |e 19950927 |h 515.35 SPI |p 005300004804 |q 005300004804 |t BK |y 0 | ||
| 909 | |a Σ |b 042404 | ||